000 00733nam a2200205 a 4500
001 000021986
005 20250722101745.0
008 100915s1991 br a r 000 0 spa d
040 _aDO-SdBNP
_bspa
_cBNPHU
082 _a362.29
_bE24p
110 1 _aFederación Internacional de las Universidades Católicas.
_945576
245 1 0 _aEducar para prevenir el abuso de las drogas.
260 _aRío de Janeiro :
_bUniversitaria Santa Úrsula,
_c1991.
300 _a579 p. :
_bil. ;
_c21 cm.
500 _aEn la portada: proyecto de investigación-acción. Vivir juntos el desafio de la droga.
500 _aIncluye índice onomástico.
650 0 _aAbuso de drogas
_926744
650 4 _aSustancias peligrosas
_945577
049 _aBNGR
999 _c21484
_d21484